Introduction to statistical theory : (Record no. 614547)

000 -LEADER
fixed length control field 01150nam a22002412ac4500
003 - CONTROL NUMBER IDENTIFIER
control field NUST
005 - DATE AND TIME OF LATEST TRANSACTION
control field 20250821122118.0
008 - FIXED-LENGTH DATA ELEMENTS--GENERAL INFORMATION
fixed length control field 250821d20212022 a|||| |||| 00| 0 eng d
082 ## - DEWEY DECIMAL CLASSIFICATION NUMBER
Classification number 519.5
Author Mark CHA
100 #3 - MAIN ENTRY--PERSONAL NAME
Personal name Chaudhry, Sher Muhammad,
Relator term author.
9 (RLIN) 37676
245 10 - TITLE STATEMENT
Title Introduction to statistical theory :
Remainder of title a textbook for degree and post graduate students /
Statement of responsibility, etc. Sher Muhammad Chaudhry and Shahid Kamal.
260 ## - PUBLICATION, DISTRIBUTION, ETC.
Place of publication, distribution, etc. Lahore :
Name of publisher, distributor, etc. Ilmi Kitab Khana,
Date of publication, distribution, etc. 2022
300 ## - PHYSICAL DESCRIPTION
Extent 2 volumes (various paging)
520 ## - SUMMARY, ETC.
Summary, etc. Comprehensive two-volume textbook covering fundamental statistical theory for undergraduate and postgraduate students, including probability, distributions, estimation, hypothesis testing, regression, time series, and more, with illustrative diagrams and examples.
546 ## - LANGUAGE NOTE
Language note In English
590 ## - LOCAL NOTE (RLIN)
Local note NBL010825
650 #0 - SUBJECT ADDED ENTRY--TOPICAL TERM
Topical term or geographic name entry element Statistics
Form subdivision Textbooks.
9 (RLIN) 5318
650 #0 - SUBJECT ADDED ENTRY--TOPICAL TERM
Topical term or geographic name entry element Probability theory
9 (RLIN) 60409
650 #0 - SUBJECT ADDED ENTRY--TOPICAL TERM
Topical term or geographic name entry element Statistical inference
Form subdivision Textbooks.
9 (RLIN) 130380
700 ## - ADDED ENTRY--PERSONAL NAME
Personal name Kamal, Shahid
Relator term author.
9 (RLIN) 130381
942 ## - ADDED ENTRY ELEMENTS (KOHA)
Source of classification or shelving scheme
Koha item type Book
Holdings
Withdrawn status Lost status Source of classification or shelving scheme Damaged status Not for loan Permanent Location Current Location Shelving location Date acquired Source of acquisition Cost, normal purchase price Total Checkouts Full call number Barcode Date last seen Date last checked out Copy number Cost, replacement price Price effective from Koha item type
          NUST School of Health Sciences (NSHS) NUST School of Health Sciences (NSHS) General Stacks 08/08/2025 Allied Book Company 995.00 1 519.5 CHA NSHS-2110 10/31/2025 10/31/2025 pt.1, c.1 1990.00 08/08/2025 Book
          NUST School of Health Sciences (NSHS) NUST School of Health Sciences (NSHS) General Stacks 08/08/2025 Allied Book Company 995.00   519.5 CHA NSHS-2111 08/21/2025   pt.1, c.2 1990.00 08/08/2025 Book
          NUST School of Health Sciences (NSHS) NUST School of Health Sciences (NSHS) General Stacks 08/08/2025 Allied Book Company 995.00   519.5 CHA NSHS-2112 08/21/2025   pt.1, c.3 1990.00 08/08/2025 Book
          NUST School of Health Sciences (NSHS) NUST School of Health Sciences (NSHS) General Stacks 08/08/2025 Allied Book Company 995.00   519.5 CHA NSHS-2113 08/21/2025   pt.1, c.4 1990.00 08/08/2025 Book
          NUST School of Health Sciences (NSHS) NUST School of Health Sciences (NSHS) General Stacks 08/08/2025 Allied Book Company 995.00   519.5 CHA NSHS-2114 08/21/2025   pt.1, c.5 1990.00 08/08/2025 Book
          NUST School of Health Sciences (NSHS) NUST School of Health Sciences (NSHS) General Stacks 08/08/2025 Allied Book Company 895.00   519.5 CHA NSHS-2115 08/21/2025   pt.2, c.1 1890.00 08/08/2025 Book
          NUST School of Health Sciences (NSHS) NUST School of Health Sciences (NSHS) General Stacks 08/08/2025 Allied Book Company 895.00   519.5 CHA NSHS-2116 08/21/2025   pt.2, c.2 1890.00 08/08/2025 Book
          NUST School of Health Sciences (NSHS) NUST School of Health Sciences (NSHS) General Stacks 08/08/2025 Allied Book Company 895.00   519.5 CHA NSHS-2117 08/21/2025   pt.2, c.3 1890.00 08/08/2025 Book
          NUST School of Health Sciences (NSHS) NUST School of Health Sciences (NSHS) General Stacks 08/08/2025 Allied Book Company 895.00   519.5 CHA NSHS-2118 08/21/2025   pt.2, c.4 1890.00 08/08/2025 Book
          NUST School of Health Sciences (NSHS) NUST School of Health Sciences (NSHS) General Stacks 08/08/2025 Allied Book Company 895.00   519.5 CHA NSHS-2119 08/21/2025   pt.2, c.5 1890.00 08/08/2025 Book
© 2023 Central Library, National University of Sciences and Technology. All Rights Reserved.